Code: The Hidden Language of Computer Hardware and Software: Second Edition /

Salvato in:
Dettagli Bibliografici
Autore principale: Petzold, Charles (Autore)
Natura: Libro
Lingua:inglese
Pubblicazione: Microsoft Press 2023
Tags: Aggiungi Tag
Nessun Tag, puoi essere il primo ad aggiungerne!!

MARC

LEADER 00000nam a22000003a 4500
001 0101729
003 SK-STU
005 20230505140106.3
007 ta
008 230505s ----xo-----e------000-0-----d
020 |a 978-0-13-790910-0 
040 |a STU  |b slo 
041 0 |a eng 
044 |a xxu 
100 1 |a Petzold, Charles  |4 aut 
245 1 0 |a Code: The Hidden Language of Computer Hardware and Software: Second Edition /  |c aut. Charles Petzold 
260 |b Microsoft Press  |c 2023 
300 |a 469 s. 
996 |c I* 16TJ13896  |l I  |s A  |a 24  |w 0101729_0001